Регионална библиотека "Любен Каравелов" - Русе

Високоефективният мениджмънт (Запис номер 195882)

MARC детайли
000 -Лидер
Контролно поле с фиксирана дължина 02184nam a2200457 c 4500
003 - Код на организацията, давaща контролен номер
Контролно поле BLK
005 - Дата и час на последна редакция
Контролно поле 20241123111508.0
008 - Елементи от данни с фиксирана дължина
fixed length control field 180411b bul|||||r ||||||| ||bul||
010 ## - Наследен системен номер
LC control number KNG00205137000
020 ## - Международен стандартен номер на книга ISBN
Международен стандартен номер на книга ISBN 978-954-376-126-5
040 ## - Източник на каталожния запис
Идентификатор на билиотеката - собственик на записа BLK
041 ## - Код за език
Код за езика на текст/звукозапис или на отделно заглавие Български
Код за езика КДБФ Български
072 #7 - Код за тематичната категория
Код организация bullib
Код за тематична категория Н6201
Текст Мениджмънт Н
080 ## - УДК
Текстов определител УДК Методи на управление. Мениджмънт. Анализи, планиране, ръководство, сътрудничество, контрол, коопериране и др.
УДК код - определител по УДК 005.5
УДК определител (035)
УДК - код + определител 005.5(035)
080 ## - УДК
Текстов определител УДК Икономическа психология. Икономическо поведение. Физиологични и психологични елементи. Интереси. Икономически дух
УДК код - определител по УДК 330.16
УДК определител (035)
УДК - код + определител 330.16(035)
100 1# - Редна дума - Автор
Автор Гроув, Андрю
Авторска отговорност първи автор
R(LIN) 56705
139 ## - Редно поле
Редна дума Гроув, Андрю
Авторски знак Грос - Г 87
245 10 - Сведения за заглавието
Заглавие Високоефективният мениджмънт
Редно поле (дума) Андрю Гроув; прев. Надя Димитрова Баева.
257 ## - Страна на издаване
Страна на създаване/издаване Съединени американски щати
260 ## - Област на издателските данни
Име на издателя, разпространителя и проч. Жануа-98
Година на издаване 2017
Печатница София : Симолини 94
300 ## - Физическа характеристика
Страници 228 с.
Размери/Мащаб 23 см
380 ## - Жанр
Жанр Общ отдел
500 ## - Общи забележки
Забележка Ориг. загл. High Output Management / Andrew Grove.
650 #4 - Допълнително описание по предмет – тема
Основно описание – тема или топоним Мениджмънт
9 (RLIN) 161870
650 #4 - Допълнително описание по предмет – тема
Основно описание – тема или топоним Управление - наръчници и ръководства
9 (RLIN) 243934
650 #4 - Допълнително описание по предмет – тема
Основно описание – тема или топоним Управленски труд - наръчници и ръководства
9 (RLIN) 243936
650 #4 - Допълнително описание по предмет – тема
Основно описание – тема или топоним Икономическо поведение - наръчници и ръководства
9 (RLIN) 278572
653 ## - Ключова дума – ненормативна
Ключова дума мениджмънт
653 ## - Ключова дума – ненормативна
Ключова дума управленски труд
653 ## - Ключова дума – ненормативна
Ключова дума икономическо поведение
653 ## - Ключова дума – ненормативна
Ключова дума ръководства
659 ## - Тематичен бюлетин
Тематичен бюлетин Н
700 ## - Други автори (авторска отговорност)
Лично име Баева, Надя Димитрова
9 (RLIN) 383768
852 ## - Местоположение
Форматна сигнатура Цб 285180
856 4# - Електронен адрес и достъп
Електронен формат pdf - файл
856 4# - Електронен адрес и достъп
Електронен формат pdf - файл
999 ## - СИСТЕМНИ КОНТРОЛНИ НОМЕРА
Koha biblionumber 195882
Koha biblioitemnumber 195882
942 ## - АРТИКУЛИ
Вид на библиотечния материал Книги
Скрит в OPAC Не
Периодичен библиозапис Да
Koha issues (borrowed), all copies 3
944 ## - СЪЗДАВАНЕ И РЕДАКЦИЯ на ЗАПИСА
Създаване/Редакция Създаване
Дата на регистрацията/редакция 18.04.2017
Статус, дата на статуса Цветелина Шанова
Служител, извършил регистрацията/редакцията 30531
944 ## - СЪЗДАВАНЕ И РЕДАКЦИЯ на ЗАПИСА
Създаване/Редакция Редакция
Дата на регистрацията/редакция 13.06.2017
Статус, дата на статуса ф /
Служител, извършил регистрацията/редакцията Людмила_Стоянова
999 ## - СИСТЕМНИ КОНТРОЛНИ НОМЕРА
Koha biblioitemnumber 195882
Наличности
Код за отписване Код за изгубен артикул Източник на класификационната схема Код за повреда Коз за рестрикции Код за отдаване Артикулен № Име на библиотеката - собственик Име на библиотеката, в която се намира в момента Статус (Текущо местоположение) Дата на вписване в системата Местоположение - отдел Цена в лева Инвентарен номер Систематично азбучна сигнатура Баркод Номер на екземпляра Цена в евро Служебна бележка Служебен тип на артикула
  Не е изгубен Universal Decimal Classification Не е повреден без рестрикции заемане за дома 341838 Регионална библиотека "Любен Каравелов" Русе Регионална библиотека "Любен Каравелов" Русе Заемна - подръчен фонд 2017-04-24 Заемна - подръчен фонд 13.26 120000810192 005.5/Г 87 120000810192 1 6.78 Дост: Pk Вид: Ф N: 821 Дата: 13.04.2017 Дата инв: 06.02.2018 Бележки инв: П2018 Книги
  Не е изгубен   Не е повреден без рестрикции ползва се в читалня 341839 Регионална библиотека "Любен Каравелов" Русе Регионална библиотека "Любен Каравелов" Русе Хранилище 2017-05-26 Основен фонд - ползва се само за читалня 17.00 120000811693 Цб 285180 120000811693 2 8.69 Дост: Pk Вид: Ф N: 490 Дата: 26.05.2017 Книги
Vip Innovations Ltd, Rousse, Bulgaria 2025